Geography and History of France on a Map - Statistics

General Stats
  • This quiz has been taken 2,545 times
    1,037 since last reset
  • The average score is 54 of 100
Answers on the Map
Answers color-coded by a green-red scale on the quiz's map according to % correct below.
 
Answer Stats
Answers % Correct
Paris
98%
Marseille
94%
Alps
92%
Corsica
91%
Lyon
91%
Nice
90%
Normandy
89%
Bordeaux
88%
Brittany
88%
Pyrenees
87%
Seine River
87%
Mont Blanc
84%
Coco Chanel
83%
Loire River
83%
Versailles
83%
Toulouse
82%
Napoleon Bonaparte
81%
Rhine River
81%
Strasbourg
79%
Dunkirk
78%
French Guiana
77%
Rhone River
77%
Lille
76%
Siege of Calais
76%
Joan of Arc
73%
Charles de Gaulle
72%
English Channel
72%
Bay of Biscay
71%
Louis XIV
71%
Nantes
71%
Orléans
70%
Emmanuel Macron
69%
Provence Alpes Côte d'Azur
69%
Ajaccio
68%
Brest
67%
Rennes
67%
Avignon
65%
Gustave Eiffel
65%
Louis Pasteur
65%
Île de France
64%
Montpellier
61%
New Caledonia
61%
Dijon
60%
Guadeloupe
60%
Crêpe
59%
Victor Hugo
59%
Battle of Verdun
58%
Réunion
58%
Le Mans
57%
Nouvelle Aquitaine
56%
Storming of the Bastille
56%
Le Havre
55%
Reims
54%
Battle of Caen
52%
Cayenne
52%
Occitanie
52%
René Descartes
52%
Mont Saint Michel
51%
Toulon
51%
Grand Est
50%
Omaha Beach
50%
Battle of the Somme
49%
Bourgogne Franche Comté
49%
Grenoble
49%
Arc de Triomphe
44%
Auvergne Rhône Alpes
43%
Ligurian Sea
42%
Philippe Pétain
41%
Saint Étienne
40%
Bayeux
39%
Coral Sea
39%
Hauts de France
39%
Centre Val de Loire
37%
Limoges
37%
Meuse River
37%
Pays de la Loire
37%
Camembert
36%
Angers
35%
Cité de Carcassonne
35%
Operation {Overlord}
35%
Nouméa
33%
Marquis de Lafayette
32%
Saint Denis
31%
Jacques Yves Cousteau
30%
Macaron
30%
Siege of Metz
29%
First Battle of the Marne
26%
Alain Prost
23%
Chardonnay
22%
Villeurbanne
20%
Battle of Sedan
19%
Battle of Bayonne
14%
Dune of Pilat
13%
Battle of Crécy
12%
Carnac stones
12%
Château de Fontainebleau
11%
Siege of Chartres
8%
Amphitheatre of Nîmes
7%
Operation {Dragoon}
7%
Pic du Midi de Bigorre
7%
No matching quizzes found
Score Distribution
Percent of People with Each Score
Percentile by Number Answered
Your Score History
You have not taken this quiz since the last reset